Aplikácia etických princípov v podmienkach nového zákona o audítoroch, audite a dohľade

Verejný záujem a s tým súvisiacu potrebu kvalitného auditu zdôrazňuje aj najnovšia Smernica Európskeho parlamentu. Kvalitný audit prispieva k riadnemu fungovaniu trhov prostredníctvom zvyšovania integrity a efektívnosti účtovných výkazov. Pre zabezpečenie kvality auditu musia byť splnené dve nutné p...

Descrizione completa

Salvato in:
Dettagli Bibliografici
Autore principale: Hvoždarová, Jana
Natura: Capitolo di libro
Lingua:slovacco
Soggetti:
Tags: Aggiungi Tag
Nessun Tag, puoi essere il primo ad aggiungerne!!

MARC

LEADER 00000naa$a2200000$$$4500
001 0067131
005 20240502071813.6
041 0 |a slo 
044 |a SK 
245 1 0 |a Aplikácia etických princípov v podmienkach nového zákona o audítoroch, audite a dohľade  |c Jana Hvoždarová 
520 |a Verejný záujem a s tým súvisiacu potrebu kvalitného auditu zdôrazňuje aj najnovšia Smernica Európskeho parlamentu. Kvalitný audit prispieva k riadnemu fungovaniu trhov prostredníctvom zvyšovania integrity a efektívnosti účtovných výkazov. Pre zabezpečenie kvality auditu musia byť splnené dve nutné podmienky. Problematika etiky v novom zákone o audítoroch, audite a dohľade. Usmernenia vypracované výborom pre etiku pri Prezídiu Slovenskej komory audítorov. 
610 2 0 |a etika 
610 2 0 |a kódexy etické 
610 2 0 |a morálka 
610 2 0 |a audit etický 
610 2 0 |a audítori 
610 2 0 |a audítorstvo 
610 2 0 |a legislatíva 
610 2 0 |a kontrola 
100 1 |a Hvoždarová, Jana